Logo BPK

Biblioteka

Politechniki Koszalińskiej

Traktat o Unii Europejskiej ; Traktat ustanawiający Wspólnotę Europejską z komentarzem / (Rekord nr 40856)

Szczegóły MARC
000 -ETYKIETA REKORDU
podpole kontrolne o stałej długości 00954nam a2200265 i 4500
001 - NUMER KONTROLNY REKORDU
pole kontrolne bg
020 ## - MIĘDZYNARODOWY ZNORMALIZOWANY NUMER KSIĄŻKI - ISBN
ISBN 8373340327
040 ## - ŹRÓDŁO KATALOGOWANIA
Instytucja, która utworzyła rekord BPK
041 0# - KOD JĘZYKA
Kod języka tekstu pl
080 ## - UNIWERSALNA KLASYFIKACJA DZIESIĘTNA - UKD
UKD 341.24(4-67)
920 ## - Międzynarodowy znormalizowany numer książki – ISBN
ISBN 83-7334-032-7
008 - POLE O STAŁEJ DŁUGOŚCI - DANE KONTROLNE
podpole kontrolne o stałej długości s pl f |000 0 pol
100 1# - NAZWA OSOBOWA
Nazwa osobowa Brodecki, Zdzisław
Daty związane z nazwą (1941- )
245 10 - TYTUŁ/ODPOWIEDZIALNOŚĆ
Tytuł Traktat o Unii Europejskiej ; Traktat ustanawiający Wspólnotę Europejską z komentarzem /
Pozostałe elementy strefy tytułu i oznaczenia odpowiedzialności Zdzisław Brodecki, Monika Drobysz, Sylwia Majkowska ; pod red. nauk. Zdzisława Brodeckiego.
260 ## - STREFA ADRESU WYDAWNICZEGO
Miejsce wydania Warszawa :
Nazwa wydawcy/dystrybutora Wydaw. Prawnicze "LexisNexis",
Data publikacji, dystrybucji/powstania dokumentu 2002.
300 ## - STREFA OPISU FIZYCZNEGO
Objętość 606, [1] s. ;
Rozmiary 24 cm.
500 ## - UWAGI OGÓLNE
Tekst uwagi Tekst traktatów tł. z ang., fr., niem.
504 ## - UWAGA DOTYCZĄCA BIBLIOGRAFII
Informacje o bibliografii Bibliogr. Indeks.
650 #9 - HASŁO PRZEDMIOTOWE W FORMIE NAZWY OGÓLNEJ LUB JEDNOSTKOWEJ
Nazwa ogólna lub geograficzna Traktat o Unii Europejskiej
650 #9 - HASŁO PRZEDMIOTOWE W FORMIE NAZWY OGÓLNEJ LUB JEDNOSTKOWEJ
Nazwa ogólna lub geograficzna Traktaty rzymskie (1957)
700 1# - HASŁO DODATKOWE - NAZWA OSOBOWA
Nazwa osobowa Drobysz, Monika.
700 1# - HASŁO DODATKOWE - NAZWA OSOBOWA
Nazwa osobowa Majkowska, Sylwia.
856 ## - LOKALIZACJA I DOSTĘP DO ELEKTRONICZNYCH DOKUMENTÓW ZDALNYCH
Link (URL) http://koha.tu.koszalin.pl/cgi-bin/koha/opac-detail.pl?biblionumber=40856
Tekst linku Katalog online BPK
942 ## - DODATKOWE ELEMENTY (KOHA)
Typ dokumentu Książka
Egzemplarze
Wycofany Status egzemplarza Uszkodzony Dostępność Lokalizacja stała Lokalizacja bieżąca Miejsce przechowywania Sygnatura Kod kreskowy Typ dokumentu Dział
      Dostępny Biblioteka Politechniki Koszalińskiej Biblioteka Politechniki Koszalińskiej Wypożyczalnia BG 62931 01676051 Książka  
      Tylko na miejscu Biblioteka Politechniki Koszalińskiej Biblioteka Politechniki Koszalińskiej Czytelnia Wydziałowa ul. Kwiatkowskiego 6e 66938 01980233 Książka 341 Prawo międzynarodowe
© 2023 Biblioteka Politechniki Koszalińskiej :: KOHA